Kihívások és lehetőségek a MÁV Rt. számára az Európai Unióban

Elmentve itt :
Bibliográfiai részletek
Szerző: Danyiné Bakos Zsuzsanna
További közreműködők: Vizsy Ferenc (Témavezető)
Dokumentumtípus: Szakdolgozat
Megjelent: 2004
Tárgyszavak:
Online Access:http://diploma.bibl.u-szeged.hu/31813
LEADER 00685nta a2200169 i 4500
001 dipl31813
005 20130314092118.0
008 110707s2004 hu om 0|| zxx d
040 |a SZTE Diploma Repozitórium  |b hun 
041 |a zxx 
100 2 |a Danyiné Bakos Zsuzsanna 
245 1 0 |a Kihívások és lehetőségek a MÁV Rt. számára az Európai Unióban  |h [elektronikus dokumentum] /  |c  Zsuzsanna Danyiné Bakos 
260 |c 2004 
650 4 |a Gazdaságtudományok 
700 1 |a Vizsy Ferenc  |e ths 
856 4 0 |u http://diploma.bibl.u-szeged.hu/id/eprint/31813/1/szakdolgozat.pdf  |z Dokumentum-elérés  
856 4 0 |u http://diploma.bibl.u-szeged.hu/id/eprint/31813/2/mellekletek.pdf  |z Dokumentum-elérés